000 00515nam a2200157 a 4500
001 000035707
005 20200930074540.0
008 111109s1951 fr 000 0 fre d
040 _aDO-SdBNP
_bspa
_cBNPHU
100 1 _aDuhamel, Georges,
_d1884-1966
_940726
245 1 0 _aScenes de la vie future /
_cGeorges Duhamel.
260 _aParis :
_bMercvre de France,
_c1951.
300 _a219 p. ;
_c19 cm.
651 0 _aEstados Unidos
_xCivilización
_94569
651 0 _aEstados Unidos
_xCondiciones Sociales
_y1918-1932
_961632
999 _c35198
_d35198